| 000 | 03768nab a2200337 i 4500 | ||
|---|---|---|---|
| 003 | BR-BrBNA | ||
| 005 | 20240328102437.0 | ||
| 008 | 240328b2019 bl.qr|pooa||| 00| 0 por | | ||
| 040 |
_aBR-BrBNA _bpor |
||
| 072 | _aK10 | ||
| 072 | _aH20 | ||
| 072 | _aH10 | ||
| 100 | _aAraújo, Andrezza Klyvia Oliveira de | ||
| 100 | _aGomes, Rommel dos Santos Siqueira | ||
| 100 | _aSilva, Maria Lúcia Maurício da | ||
| 100 | _aSantos, Angeline Maria da Silva | ||
| 100 | _aNascimento, Luciana Cordeiro do | ||
| 245 | _aSanidade e qualidade fisiológica de sementes de Chorisia Glaziovii O. Kuntze tratadas com extratos vegetais | ||
| 500 | _aPublicação on-line; 38 ref.; 4 illus.; Summaries (En, Pt) | ||
| 520 | _a Resumo O objetivo da pesquisa foi avaliar a eficiência dos extratos de Allium sativum e Lippia alba sobre patógenos e na qualidade fisiológica de sementes de Chorisia glaziovii. Os tratamentos constituíram-se de extratos aquosos de alho (Allium sativum) e erva-cidreira (Lippia alba) à 0, 25, 50, 75 e 100%, e fungicida captana (240 g 100 kg-1 de sementes) como controle positivo. Para sanidade das sementes adotou-se o método blotter test e a qualidade fisiológica foi determinada pela germinação e vigor. O delineamento foi inteiramente casualizado em esquema fatorial (2 x 5) +1 (extratos vegetais x concentrações + fungicida), com quatro repetições. Observou-se a ocorrência de Aspergillus flavus, Aspergillus niger, Aspergillus sp., Botrytis sp., Cladosporium sp., Curvularia lunata, Nigrospora sp., Pestalotia sp., Periconia sp. e Rhizopus stolonifer, nas sementes. O extrato de Lippia alba à 100% foi eficiente na inibição dos patógenos. O aumento na concentração do extrato de Allium sativum reduziu a primeira contagem de germinação e o extrato de Lippia alba proporcionou aumento de sementes germinadas. Palavras-chave: Allium sativum; Lippia alba; Sementes florestais; Espécie nativa | ||
| 520 | _a Abstract The objective of the research was to evaluate the effectiveness of Allium sativum extracts and Lippia alba on pathogens and the physiological quality of Chorisia glaziovii seeds. The treatments consisted of Allium sativum extracts and Lippia alba at 0, 25, 50, 75 and 100%, and fungicide captan (240 g 100 kg-1 seeds) as the positive control. For the seed sanity, it was adopted the Blotter test method and the physiological quality was determined by germination and seed vigor. The design was completely randomized in a factorial scheme (2 x 5) +1 (plant extracts x concentrations + fungicide) with four replications. It was observed the occurrence of Aspergillus flavus, Aspergillus niger, Aspergillus sp., Botrytis sp., Cladosporium sp., Curvularia lunata, Nigrospora sp., Pestalotia sp., Periconia sp. and Rhizopus stolonifer on seeds. The Lippia alba extract at 100% was effective in inhibiting pathogens. The increase in the concentration of A. sativum extract reduced to the first count, and Lippia alba extract caused increase of germinated seeds. Keywords: Allium sativum; Lippia alba; Forest seeds; Native species | ||
| 650 | _aPAINEIRA | ||
| 650 | _aALLIUM SATIVUM | ||
| 650 | _aLIPPIA ALBA | ||
| 650 | _aSEMENTE FLORESTAL | ||
| 650 | _aESPÉCIE NATIVA | ||
| 773 | 0 |
_04065 _9313933 _dSanta Maria-RS Universidade Federal de Santa Maria - Centro de Pesquisas Florestais.Departamento de Ciências Florestais. Programa de Pós-Graduação em Engenharia Florestal 1991 _o2024-0204 _tCiência Florestal (Brazil) _x0103-9954; 1980-5098 (on-line) _gv. 29(2) p. 649-659; (Apr-Jun 2019) _wBR2023001630 |
|
| 856 | _uhttps://www.scielo.br/j/cflo/a/pzmZkzKKSx6DCx4WRRVwmxG/?format=pdf&lang=pt | ||
| 942 | _cAnalítica | ||
| 999 |
_c298976 _d298976 |
||